[Event "It (open)"]
[Site "masterchessopen.com Bad Woerishofen (Germany)"]
[Round "4"]
[White "Gutman Lev (GER)"]
[Black "Arakhamia-Grant Ketevan (SCO)"]
[Result "0-1"]
[WhiteElo "2470"]
[BlackElo "2420"]

1.Nf3 Nf6 2.g3 g6 3.Bg2 Bg7 4.O-O d5 5.d4 O-O 6.c4 dxc4 7.Na3 c3 8.bxc3 c5
9.Nc4 Nc6 10.Nce5 Qa5 11.Nxc6 bxc6 12.Ne5 Qxc3 13.Bd2 Qa3 14.Nxc6 Bd7 15.Nxe7+
Kh8 16.d5 Rad8 17.Qc1 Qa6 18.Qxc5 Qxe2 19.Bc3 Qh5 20.Qd4 h6 21.Qd1 Bg4 22.f3
Be6 23.f4 Bg4 24.Qd2 Kh7 25.Rac1 Rfe8 26.Rfe1 Bf3 27.Re5 Qg4 28.d6 Bxg2
29.Kxg2 Qd7 30.Bb4 Qb7+ 31.Kg1 Ne4 32.Qd5 Qb6+ 33.Bc5 Nxc5 34.Rxc5 Qxd6
35.Qxf7 Qd1+ 36.Kg2 Rd2+ {#R} 0-1

[Event "It (open)"]
[Site "masterchessopen.com Bled (Slovenia)"]
[Round "0"]
[White "Schmidt Peter (GER)"]
[Black "Polajzer Danilo (SLO)"]
[Result "1-0"]
[WhiteElo "1923"]
[BlackElo "2435"]

1.d4 Nf6 2.Nf3 g6 3.g3 d5 4.Bg2 Bg7 5.O-O O-O 6.c4 dxc4 7.Na3 Na6 8.Ne5 c5
9.dxc5 Nxc5 10.Be3 Qc7 11.Nexc4 Be6 12.Nb5 Qd7 13.Qxd7 Nfxd7 14.Rac1 Rac8
15.Nxa7 Ra8 16.b4 Rxa7 17.bxc5 Rxa2 18.Rfe1 Bxc4 19.Rxc4 Rb2 20.Rcc1 Ne5
21.Rb1 Nc4 22.Bg5 Rc8 23.Red1 f6 24.Bf4 Rxb1 25.Rxb1 Rxc5 26.Rxb7 Nd6 27.Rxe7
{#r} 1-0

[Event "It (open) \"]
[Site "masterchessopen.com La Coruna (Spain)"]
[Round "6"]
[White "Gonzalez Fuente Carlos (ESP)"]
[Black "Gonzalez Diaz Diego (ESP)"]
[Result "1-0"]
[WhiteElo "2249"]
[BlackElo "2250"]

1.d4 Nf6 2.Nf3 g6 3.g3 Bg7 4.Bg2 O-O 5.c4 d5 6.O-O dxc4 7.Ne5 Ne8 8.Na3 Nd6
9.Be3 Be6 10.Qc2 c6 11.Naxc4 Nf5 12.Rfd1 Na6 13.Qa4 Nc7 14.Na5 Qc8 15.Bf4 g5
16.Bc1 Rd8 17.e4 b5 18.Qc2 Nxd4 19.Rxd4 Rxd4 20.Naxc6 Na6 21.Nxe7+ Kh8 22.Nxc8
Rxc8 23.Nxf7+ Kg8 24.Nh6+ Bxh6 25.Qe2 Rcd8 26.Be3 R4d7 27.h4 Bc4 28.Qg4 Nb4
29.Bxg5 Bxg5 30.Qxg5+ Kh8 31.Bh3 Rd2 32.h5 {#r} 1-0

[Event "It (open) \"]
[Site "masterchessopen.com Leipzig (Germany)"]
[Round "5"]
[White "Kloss Thomas (GER)"]
[Black "Peters Andreas (GER)"]
[Result "0-1"]
[WhiteElo "2090"]
[BlackElo "2315"]

1.d4 Nf6 2.Nf3 g6 3.g3 Bg7 4.Bg2 O-O 5.O-O d5 6.c4 dxc4 7.Ne5 Ne8 8.Na3 c5
9.Naxc4 cxd4 10.e3 Nd6 11.Nxd6 exd6 12.Nf3 dxe3 13.Bxe3 Bxb2 14.Bh6 Bg7
15.Bxg7 Kxg7 16.Qd2 Nc6 17.Rfd1 Be6 18.Ng5 Qf6 19.Ne4 Qe5 20.f4 Qa5 21.Qb2+
Kh6 22.Qxb7 Bd5 23.Nxd6 Qc5+ 24.Kh1 Bxg2+ 25.Kxg2 Rab8 26.Nxf7+ Kh5 27.Qd7
Rb2+ 28.Kh1 g5 29.Rd5 Rxh2+ 30.Kxh2 Qf2+ 31.Kh3 {#R} 0-1

[Event "Ch Croatia (team) (1st league)"]
[Site "masterchessopen.com Makarska (Croatia)"]
[Round "3"]
[White "Keglevic Pavao (CRO)"]
[Black "Vujakovic Branko (CRO)"]
[Result "0-1"]
[WhiteElo "2290"]
[BlackElo "2375"]

1.d4 Nf6 2.Nf3 g6 3.g3 Bg7 4.Bg2 O-O 5.O-O d5 6.c4 dxc4 7.Na3 Nc6 8.Nxc4 Be6
9.b3 Bd5 10.Bb2 a5 11.Rc1 a4 12.bxa4 Ra6 13.Nfe5 Bxg2 14.Kxg2 Qa8 15.Nxc6 bxc6
16.Kg1 Rxa4 17.a3 Rb8 18.Ba1 Nd7 19.Qd2 Qa6 20.Ne5 Nxe5 21.dxe5 Rxa3 22.Qd7 e6
23.Rxc6 Qxe2 24.Qxc7 Rba8 25.Bd4 h5 26.h4 Rd3 27.Rd6 Ra2 28.Rd8+ Kh7 29.Qxf7
Rxg3+ 30.Kh2 Qg4 {#R} 0-1

[Event "Ch Yugoslavia (1/2 final) (open)"]
[Site "masterchessopen.com Nis (Yugoslavia)"]
[Round "2"]
[White "Milic Nenad (SRB)"]
[Black "Tosic Miroslav (SRB)"]
[Result "0-1"]
[WhiteElo "2165"]
[BlackElo "2435"]

1.d4 Nf6 2.c4 g6 3.Nf3 Bg7 4.g3 O-O 5.Bg2 d5 6.O-O dxc4 7.Na3 c3 8.bxc3 c5
9.Nc2 Nd5 10.Qd3 Nc6 11.e4 Nb6 12.Ba3 Na4 13.Rfc1 a6 14.h3 b5 15.d5 Bxc3
16.Bxc5 Bxa1 17.Bxe7 Qxe7 18.Nxa1 Ne5 19.Nxe5 Qxe5 20.f4 Qb2 {#R} 0-1

[Event "Ch Romania (team)"]
[Site "masterchessopen.com Romania"]
[Round "0"]
[White "Marin Mihail (ROM)"]
[Black "Vlad Decebal (ROM)"]
[Result "1-0"]
[WhiteElo "2520"]
[BlackElo "2330"]

1.d4 Nf6 2.Nf3 g6 3.g3 Bg7 4.Bg2 O-O 5.O-O d5 6.c4 dxc4 7.Na3 c3 8.bxc3 c5
9.e3 Nc6 10.Qe2 Nd5 11.Bb2 Qa5 12.Rfc1 Bg4 13.h3 Bxf3 14.Bxf3 Nb6 15.Nc4 Qa4
16.Nd2 c4 17.Ne4 Nd7 18.Qc2 Qa6 19.a4 Na5 20.Nd2 e5 21.Ba3 Rfc8 22.Qb2 exd4
23.cxd4 Nc5 24.Bxc5 Rxc5 25.Rc3 Rf5 26.Bg4 Rg5 27.Be2 Qd6 28.Ne4 Qe7 29.Nxg5
Qxg5 30.Bxc4 Nxc4 31.Rxc4 Re8 32.Qb5 {#r} 1-0

[Event "Ch Yugoslavia (team) (2 liga)"]
[Site "masterchessopen.com Tivat (Yugoslavia)"]
[Round "1"]
[White "Vulinovic Radivoje (MNE)"]
[Black "Vukanovic Sasa (SRB)"]
[Result "0-1"]
[WhiteElo "2224"]
[BlackElo "2355"]

1.Nf3 Nf6 2.g3 g6 3.Bg2 Bg7 4.d4 O-O 5.O-O d5 6.c4 dxc4 7.Na3 c3 8.bxc3 c5
9.Ne5 Nd5 10.Qb3 Nxc3 11.Qxc3 cxd4 12.Qc5 Na6 13.Qb5 Nc7 14.Qa5 b6 15.Nc6 bxa5
16.Nxd8 Rxd8 17.Bxa8 Nxa8 18.Bg5 Ba6 19.Rfe1 d3 20.Rab1 dxe2 21.Nb5 Bxb5
22.Rxb5 h6 23.Be3 Rd1 24.Bd2 Rxd2 25.Kg2 Nc7 26.Rb8+ Kh7 27.Kf3 Ne6 28.Ke3
Rxa2 29.Rxe2 Bd4+ 30.Kd3 {#R} 0-1

[Event "It (cat.11)"]
[Site "masterchessopen.com Vinkovci (Croatia)"]
[Round "4"]
[White "Kurajica Bojan (CRO)"]
[Black "Palac Mladen (CRO)"]
[Result "0-1"]
[WhiteElo "2595"]
[BlackElo "2515"]

1.d4 Nf6 2.Nf3 g6 3.g3 Bg7 4.Bg2 O-O 5.O-O d5 6.c4 dxc4 7.Na3 c3 8.bxc3 c5
9.e3 Nc6 10.Qe2 Bf5 11.Rd1 Be4 12.Bb2 Qb6 13.Nc4 Qa6 14.Bf1 cxd4 15.cxd4 Rac8
16.Nfd2 Na5 17.Na3 Qxe2 18.Bxe2 Bd5 19.Bd3 Nd7 20.Rdb1 Nb6 21.Nb5 a6 22.Nc3
Be6 23.Nce4 Nbc4 24.Bc3 Bf5 25.Rc1 Rfd8 26.Bf1 b5 27.Nxc4 Nxc4 {#R} 0-1

[Event "Cup Tan Chin"]
[Site "masterchessopen.com Beijing (China)"]
[Round "3"]
[White "Zhang Zhong (SIN)"]
[Black "Wang Zili (CHN)"]
[Result "1-0"]
[WhiteElo "2425"]
[BlackElo "2535"]

1.Nf3 Nf6 2.g3 g6 3.Bg2 Bg7 4.d4 d5 5.O-O O-O 6.c4 dxc4 7.Na3 c3 8.bxc3 c5
9.e3 Nc6 10.Qe2 Bf5 11.Bb2 e5 12.Nc4 exd4 13.cxd4 cxd4 14.Nxd4 Nxd4 15.Bxd4
Qe7 16.Qb2 Rac8 17.Na5 Rc7 18.Rfc1 Rfc8 19.Rxc7 Rxc7 20.Rc1 Rxc1+ 21.Qxc1 b6
22.Nc6 Qe6 23.Qa3 Bf8 24.Qxa7 Be4 25.Nd8 Qd5 26.Qxb6 Bc5 27.Qxf6 Bxd4 28.exd4
Bxg2 29.Nxf7 {#r} 1-0

[Event "It (open)"]
[Site "masterchessopen.com Bern (Switzerland)"]
[Round "2"]
[White "Mihalcisin Adrian (SLO)"]
[Black "Schaefer Michael (GER)"]
[Result "1-0"]
[WhiteElo "2515"]
[BlackElo "2210"]

1.Nf3 g6 2.d4 Nf6 3.g3 Bg7 4.Bg2 O-O 5.O-O d5 6.c4 dxc4 7.Na3 c3 8.bxc3 c5
9.e3 Nc6 10.Qe2 Qc7 11.Bb2 e5 12.Nb5 Qa5 13.Nxe5 Be6 14.c4 Nxe5 15.dxe5 Nd7
16.f4 Rab8 17.Nd6 Qa6 18.Rfc1 Nb6 19.a4 Rfd8 20.a5 Nd7 21.Bc3 f6 22.exf6 Nxf6
23.Nb5 Rd7 24.Be5 Ne8 25.Bxb8 {#r} 1-0

[Event "Czech League 1995/96 (2nd) (c)"]
[Site "masterchessopen.com Czech Republic"]
[Round "5"]
[White "Vechet Stanislav (CZE)"]
[Black "David Pavel (CZE)"]
[Result "0-1"]
[WhiteElo "2180"]
[BlackElo "2415"]

1.d4 Nf6 2.g3 g6 3.Bg2 d5 4.Nf3 Bg7 5.O-O O-O 6.c4 dxc4 7.Na3 Nc6 8.Nxc4 Be6
9.Nce5 Bd5 10.Nxc6 Bxc6 11.b3 a5 12.Bb2 a4 13.e3 Qd6 14.Nd2 Bxg2 15.Kxg2 a3
16.Bc1 b5 17.Nf3 Ne4 18.Bd2 c5 19.dxc5 Nxc5 20.Rc1 Nd3 21.Rc2 Rac8 22.Kg1 f5
23.Bc1 b4 24.Nd2 Nb2 25.Bxb2 axb2 26.Nc4 Qxd1 27.Rxd1 Rc7 28.Rcd2 Bc3 29.Re2
Ra8 30.Nxb2 Rxa2 31.Rb1 Rca7 32.f3 R7a3 {#R} 0-1

[Event "It (open)"]
[Site "masterchessopen.com Espoo (Finland)"]
[Round "4"]
[White "Sorri Kari Juhani (FIN)"]
[Black "Kekki Petri (FIN)"]
[Result "0-1"]
[WhiteElo "2315"]
[BlackElo "2290"]

1.d4 Nf6 2.Nf3 d5 3.g3 g6 4.Bg2 Bg7 5.O-O O-O 6.c4 dxc4 7.Na3 Na6 8.Nxc4 c5
9.dxc5 Nxc5 10.Be3 Nfe4 11.Rc1 Be6 12.Ng5 Nxg5 13.Bxg5 Qe8 14.b4 Na4 15.Bxb7
Rb8 16.Na5 Nc3 17.Qd3 Nxa2 18.Rc7 Bf6 19.Bxf6 exf6 20.Qd4 Kg7 21.Qc5 Qa4
22.Nc6 Rbe8 23.Re7 Bh3 24.Re1 Qb3 {#R} 0-1

[Event "It (open)"]
[Site "masterchessopen.com Groningen (Netherlands)"]
[Round "1"]
[White "Lytchak Alexander (GER)"]
[Black "Cvitan Ognjen (CRO)"]
[Result "1-0"]
[WhiteElo "2295"]
[BlackElo "2535"]

1.d4 Nf6 2.Nf3 g6 3.g3 Bg7 4.Bg2 d5 5.O-O O-O 6.c4 dxc4 7.Na3 c3 8.bxc3 c5
9.Ne5 Nc6 10.Nxc6 bxc6 11.Qd3 Nd5 12.Bd2 cxd4 13.cxd4 a5 14.Nc2 Ba6 15.Qf3 e5
16.dxe5 Bxe5 17.Rac1 Bb2 18.Rb1 Bg7 19.Ne3 Nf4 20.Qxf4 Qxd2 21.Bxc6 Rad8
22.Rbd1 Qxa2 23.Bd5 Qxe2 24.Bxf7+ Kh8 25.Rxd8 Rxd8 26.Qh4 Rd4 27.Qe7 Qb5
28.Bc4 Qe5 29.Qxe5 Bxe5 30.Bxa6 a4 31.Rd1 a3 32.Rxd4 Bxd4 33.Bc4 Kg7 34.Kf1
{#r} 1-0

[Event "Oberliga 1995/96"]
[Site "masterchessopen.com Hessen (Germany)"]
[Round "0"]
[White "Behnick Eckhard (GER)"]
[Black "Schneider Hans Peter (GER)"]
[Result "0-1"]
[WhiteElo "2143"]
[BlackElo "2138"]

1.d4 Nf6 2.Nf3 g6 3.g3 Bg7 4.Bg2 O-O 5.O-O d5 6.c4 dxc4 7.Na3 c3 8.bxc3 c5
9.Ne5 Nc6 10.Nxc6 bxc6 11.Qa4 Nd5 12.Bd2 Nb6 13.Qxc6 cxd4 14.cxd4 Ba6 15.Bb4
Bxe2 16.Rfe1 Qxd4 17.Rab1 Rac8 18.Qb7 Bd3 19.Rb3 Bc2 20.Bxe7 Bxb3 21.axb3 Rfe8
22.Bc6 Qd2 23.Re4 Qc1+ {#R} 0-1

[Event "Ch Hungary (team) 1995/96"]
[Site "masterchessopen.com Hungary"]
[Round "9"]
[White "Kaposztas Miklos (HUN)"]
[Black "Tolnai Tibor (HUN)"]
[Result "0-1"]
[WhiteElo "2315"]
[BlackElo "2530"]

1.Nf3 g6 2.g3 Bg7 3.d4 Nf6 4.Bg2 O-O 5.O-O d5 6.c4 dxc4 7.Na3 Nc6 8.Nxc4 Be6
9.b3 Bd5 10.Bb2 a5 11.e3 a4 12.Qe2 Re8 13.Rfd1 e6 14.Nfe5 Bxg2 15.Kxg2 Qd5+
16.f3 axb3 17.axb3 Rxa1 18.Rxa1 Nxe5 19.dxe5 Nd7 20.e4 Qb5 21.Qe3 b6 22.Na3
Qb4 23.Nc4 Nc5 24.Nd2 Rd8 25.Bc3 Qb5 26.Qg5 Qe2+ 27.Kh3 Qd3 28.Bb4 Bf8 29.Bxc5
h6 30.Qf6 Bxc5 31.Nc4 Re8 32.Qf4 Qxb3 33.Rc1 Ra8 34.Qxh6 Qxf3 35.Qf4 Qh5+
36.Qh4 {#R} 0-1

[Event "Ch Slovakia (open)"]
[Site "masterchessopen.com Martin (Slovakia)"]
[Round "4"]
[White "Banduka Zeljko (SVK)"]
[Black "Kalod Radek (CZE)"]
[Result "0-1"]
[WhiteElo "2176"]
[BlackElo "2380"]

1.d4 Nf6 2.c4 g6 3.g3 Bg7 4.Bg2 d5 5.Nf3 O-O 6.O-O dxc4 7.Na3 Na6 8.Nxc4 c5
9.dxc5 Be6 10.Ne3 Nxc5 11.Nd4 Bd7 12.Nc4 Nfe4 13.Be3 Ba4 14.b3 Nc3 15.Qc2 Bxd4
16.bxa4 Bxe3 17.Nxe3 N5xa4 18.Bf3 Rb8 19.Nd5 b5 20.Nb4 Rb6 21.h4 a5 22.Nc6 Qc7
23.Nxa5 Re6 24.Nc6 Rxc6 25.Bxc6 Qxc6 26.Rfc1 Qc4 27.Kf1 Rd8 28.Re1 Rd6 29.Qc1
Rf6 30.Qe3 Ne4 31.Rac1 Nac3 32.f3 Rxf3+ 33.Qxf3 Nd2+ 34.Kg2 Nxf3 35.exf3 Qxa2+
{#R} 0-1

[Event "Cup Russia (open)"]
[Site "masterchessopen.com Moscow (Russia)"]
[Round "2"]
[White "Antonov Vadim V (RUS)"]
[Black "Krivonogov A (RUS)"]
[Result "1-0"]
[WhiteElo "2093"]
[BlackElo "2310"]

1.d4 Nf6 2.c4 g6 3.Nf3 Bg7 4.g3 O-O 5.Bg2 d5 6.O-O dxc4 7.Na3 c3 8.bxc3 c5
9.e3 Nc6 10.Qe2 Ne4 11.Bb2 Qa5 12.Rfc1 Bg4 13.Qc2 Bf5 14.g4 Nxf2 15.gxf5 Ng4
16.Re1 cxd4 17.exd4 gxf5 18.h3 Nf6 19.Nc4 Qc7 20.Nce5 e6 21.Nxc6 bxc6 22.Ne5
Rac8 23.Rac1 Bh6 24.Qf2 Qb6 25.Nc4 Qa6 26.d5 {#r} 1-0

[Event "Ch Yugoslavia (team) (1 liga)"]
[Site "masterchessopen.com Niksic (Yugoslavia)"]
[Round "5"]
[White "Abramovic Bosko (SRB)"]
[Black "Mitrovic Petar (SRB)"]
[Result "1-0"]
[WhiteElo "2490"]
[BlackElo "2385"]

1.d4 Nf6 2.Nf3 g6 3.g3 Bg7 4.Bg2 O-O 5.c4 d5 6.O-O dxc4 7.Na3 Na6 8.Nxc4 c5
9.b3 Be6 10.Bb2 Qc8 11.Rc1 Rd8 12.e3 Bh3 13.Qe2 Bxg2 14.Kxg2 Qf5 15.Rfd1 Rac8
16.d5 Bh6 17.d6 b5 18.dxe7 Rxd1 19.Rxd1 bxc4 20.Rd8+ Ne8 21.Qxc4 Nc7 22.g4 Qe6
23.Qxe6 fxe6 24.Rxc8 {#r} 1-0

[Event "Ch Russia (club) (1 liga)"]
[Site "masterchessopen.com Orel (Russia)"]
[Round "1"]
[White "Fetisov V (RUS)"]
[Black "Ragozin Evgeni (RUS)"]
[Result "0-1"]
[WhiteElo "2349"]
[BlackElo "2490"]

1.d4 Nf6 2.Nf3 g6 3.g3 Bg7 4.Bg2 d5 5.O-O O-O 6.c4 dxc4 7.Ne5 Ne8 8.Na3 c5
9.Be3 c3 10.bxc3 cxd4 11.cxd4 Nd6 12.f4 Nd7 13.Nac4 Nf6 14.Rc1 Be6 15.Nxd6
exd6 16.d5 Bf5 17.Nc4 Re8 18.Bd4 Be4 19.Re1 Qd7 20.Bxe4 Rxe4 21.Qd3 Rae8
22.Nd2 Qh3 23.Nf3 Rxd4 24.Qxd4 Ng4 25.Qxa7 Ne3 26.Nh4 Bf6 {#R} 0-1

[Event "It (open) \"]
[Site "masterchessopen.com Pardubice (Czech Republic)"]
[Round "9"]
[White "Vorisek Jaroslav (CZE)"]
[Black "Aronian Levon (ARM)"]
[Result "0-1"]
[WhiteElo "2238"]
[BlackElo "2390"]

1.d4 Nf6 2.Nf3 g6 3.g3 Bg7 4.c4 O-O 5.Bg2 d5 6.O-O dxc4 7.Na3 c3 8.bxc3 c5
9.e3 Nc6 10.Qe2 Be6 11.Bb2 Bd5 12.Rfd1 cxd4 13.exd4 e6 14.c4 Bxf3 15.Bxf3 Re8
16.Nc2 Qb6 17.Ne3 Rad8 18.Rab1 Qa6 19.Bc3 Nd7 20.Qc2 e5 21.Bxc6 Qxc6 22.d5 Qa6
23.Bb4 Rc8 24.Rd3 Qf6 25.d6 Qe6 26.Nd5 e4 27.Re3 Qxd5 {#R} 0-1

[Event "It (open)"]
[Site "masterchessopen.com Biel (Switzerland)"]
[Round "1"]
[White "Romanishin Oleg M (UKR)"]
[Black "Kahlert Thomas (GER)"]
[Result "1-0"]
[WhiteElo "2550"]
[BlackElo "2285"]

1.d4 Nf6 2.Nf3 g6 3.g3 Bg7 4.Bg2 O-O 5.O-O d5 6.c4 dxc4 7.Ne5 Nc6 8.Nxc6 bxc6
9.Nc3 Nd5 10.Qa4 Qd6 11.Qxc4 Rb8 12.Ne4 Qb4 13.Qxc6 Bb7 14.Qc2 Qxd4 15.Rd1 Qe5
16.Nc5 Nc3 17.Qxc3 Qxc3 18.bxc3 Bxg2 19.Kxg2 Bxc3 20.Bh6 {#r} 1-0

[Event "Czech League 1996/97 (1st)"]
[Site "masterchessopen.com Czech Republic"]
[Round "0"]
[White "Subrt Jaroslav (CZE)"]
[Black "Adamek Zdenek (CZE)"]
[Result "1-0"]
[WhiteElo "2131"]
[BlackElo "2252"]

1.d4 Nf6 2.Nf3 g6 3.g3 Bg7 4.Bg2 O-O 5.O-O d5 6.c4 dxc4 7.Ne5 Nbd7 8.Nxc4 Nb6
9.Nxb6 axb6 10.Nc3 c6 11.d5 Bd7 12.Qb3 Nxd5 13.Nxd5 cxd5 14.Bxd5 Bc6 15.Rd1
Qc7 16.Bxc6 bxc6 17.Be3 c5 18.Rac1 Rfd8 19.Rxd8+ Rxd8 20.Qb5 Ra8 21.b4 Qd8
22.a4 cxb4 23.Qxb4 Qd7 24.Qe4 Rb8 25.Rb1 Qd6 26.Qc4 Be5 27.Rb5 Qc7 28.Qb3 {#r}
1-0

[Event "Oberliga North 1996/97"]
[Site "masterchessopen.com Germany"]
[Round "0"]
[White "Semmler Guenter (GER)"]
[Black "Wendt Jan-Dietrich (GER)"]
[Result "0-1"]
[WhiteElo "1937"]
[BlackElo "2295"]

1.Nf3 Nf6 2.d4 g6 3.g3 Bg7 4.Bg2 O-O 5.O-O d5 6.c4 dxc4 7.Qa4 Nc6 8.Qxc4 Nd7
9.e3 e5 10.dxe5 Ndxe5 11.Nxe5 Nxe5 12.Qb3 c6 13.h3 Qe7 14.Rd1 Be6 15.Qc2 Rfd8
16.Nc3 Rxd1+ 17.Nxd1 Rd8 18.Nc3 Qd7 19.Kh2 Bxh3 20.f4 Ng4+ 21.Kg1 Bxg2 22.Qxg2
Bxc3 23.bxc3 Qd1+ 24.Qf1 Qc2 25.Ba3 Qh2# 0-1

[Event "It (open) \"]
[Site "masterchessopen.com Litomysl (Czech Republic)"]
[Round "4"]
[White "Jirka Jiri (CZE)"]
[Black "Kalod Radek (CZE)"]
[Result "1-0"]
[WhiteElo "2415"]
[BlackElo "2430"]

1.Nf3 Nf6 2.g3 g6 3.Bg2 Bg7 4.d4 d5 5.c4 O-O 6.O-O dxc4 7.Qc2 Nc6 8.Qxc4 Nd5
9.Rd1 Nb6 10.Qd3 Bf5 11.e4 Bg4 12.Be3 Qd7 13.Nc3 Rad8 14.d5 Qc8 15.Rd2 Bxf3
16.Bxf3 Ne5 17.Qe2 Nbc4 18.Rc2 Nxe3 19.Qxe3 c5 20.Be2 f5 21.Nb5 b6 22.Nxa7 Qc7
23.Nb5 Qd7 24.f4 Ng4 25.Qf3 Nf6 26.e5 Nxd5 27.Bc4 Kh8 28.Rd2 e6 29.Nd6 Nc7
30.Rad1 Qe7 31.Nf7+ Qxf7 32.Rxd8 g5 33.R8d7 {#r} 1-0

[Event "It (open)"]
[Site "masterchessopen.com Minsk (Belarus)"]
[Round "1"]
[White "Kruppa Yuri (UKR)"]
[Black "Sorokina Anastasia (AUS)"]
[Result "1-0"]
[WhiteElo "2535"]
[BlackElo "2120"]

1.d4 Nf6 2.c4 g6 3.Nf3 Bg7 4.g3 O-O 5.Bg2 d5 6.O-O dxc4 7.Na3 c3 8.bxc3 c5
9.e3 Nc6 10.Bb2 Qa5 11.Re1 Ne4 12.Qc2 Nd6 13.d5 Ne5 14.Nxe5 Bxe5 15.e4 Bd7
16.f4 Ba4 17.Qd2 Bd4+ 18.Kh1 Bg7 19.e5 Nf5 20.Qf2 Rac8 21.g4 Nh6 22.h3 c4
23.Nc2 Bxc2 24.Qxc2 Rfd8 25.Red1 Qc5 26.Qe2 b5 27.a4 b4 28.cxb4 Qxb4 29.Ba3
Qc3 30.Bxe7 Rd7 31.d6 a5 32.Rac1 Qb3 33.e6 Ra7 34.d7 {#r} 1-0

[Event "Ch Russia (1/2 final)"]
[Site "masterchessopen.com Perm (Russia)"]
[Round "3"]
[White "Letov Alexander (RUS)"]
[Black "Grebionkin Vladimir (RUS)"]
[Result "0-1"]
[WhiteElo "2340"]
[BlackElo "2415"]

1.d4 Nf6 2.Nf3 g6 3.g3 Bg7 4.Bg2 d5 5.O-O O-O 6.c4 dxc4 7.Ne5 Ne8 8.Na3 Nd6
9.Qc2 Nf5 10.e3 c5 11.Nexc4 cxd4 12.e4 Nd6 13.e5 Nxc4 14.Nxc4 Nc6 15.Bf4 Bf5
16.Qe2 Qd7 17.Rfd1 Rad8 18.Rd2 Qe6 19.Rc1 d3 20.Qd1 Nd4 21.Bf3 Rc8 22.Rxd3
Bxd3 23.Qxd3 Nxf3+ {#R} 0-1

[Event "It (open)"]
[Site "masterchessopen.com Pula (Croatia)"]
[Round "7"]
[White "Sprecic Mustafa (BIH)"]
[Black "Kozul Zdenko (CRO)"]
[Result "0-1"]
[WhiteElo "2340"]
[BlackElo "2605"]

1.d4 Nf6 2.Nf3 g6 3.g3 Bg7 4.Bg2 O-O 5.O-O d5 6.c4 dxc4 7.Na3 c3 8.bxc3 c5
9.Ne5 Nd5 10.Bb2 Nb6 11.e3 Bxe5 12.dxe5 Qxd1 13.Raxd1 Nc6 14.f4 Be6 15.Rf2
Bxa2 16.c4 Rfd8 17.Rfd2 Rxd2 18.Rxd2 Bxc4 19.Bc1 Ba6 20.Rc2 Nb4 21.Rxc5 Rd8
22.Bf3 Nd3 23.Rc7 Nxc1 24.Rxc1 Rd3 25.Nc2 Rc3 26.Be4 Na4 27.Rd1 Nc5 {#R} 0-1

[Event "Cup Yugoslavia (team)"]
[Site "masterchessopen.com Ulcinj (Yugoslavia)"]
[Round "5"]
[White "Todorcevic Miodrag (ESP)"]
[Black "Djoric Dusan (SRB)"]
[Result "1-0"]
[WhiteElo "2470"]
[BlackElo "2375"]

1.Nf3 Nf6 2.g3 g6 3.Bg2 Bg7 4.O-O O-O 5.d4 d5 6.c4 dxc4 7.Na3 c5 8.Nxc4 cxd4
9.Nxd4 Nfd7 10.Be3 Ne5 11.Nxe5 Bxe5 12.Rc1 a6 13.Qd2 Bf6 14.Rfd1 e5 15.Nb3
Qxd2 16.Rxd2 Nc6 17.Bxc6 bxc6 18.Rxc6 Bg7 19.Nc5 a5 20.b3 Bh3 21.f3 h5 22.Kf2
Rfd8 23.Ne4 a4 24.b4 Rxd2 25.Bxd2 a3 26.b5 Bd7 27.Ra6 Rb8 28.b6 Bb5 29.Rxa3 f5
30.Nc3 Bc4 31.Be3 Bf8 32.Ra7 g5 33.Rc7 Bf7 34.b7 {#r} 1-0

[Event "It (open)"]
[Site "masterchessopen.com Zagreb (Croatia)"]
[Round "2"]
[White "Medic Mirjana (CRO)"]
[Black "Mestrovic Toni (CRO)"]
[Result "1-0"]
[WhiteElo "2260"]
[BlackElo "2116"]

1.d4 Nf6 2.Nf3 g6 3.g3 Bg7 4.Bg2 d5 5.c4 O-O 6.O-O dxc4 7.Na3 Nc6 8.Nxc4 Be6
9.Ne3 Ng4 10.Nxg4 Bxg4 11.d5 Ne5 12.Nxe5 Bxe5 13.h3 Bc8 14.f4 Bg7 15.Kh2 e5
16.e4 c6 17.Qb3 cxd5 18.exd5 Re8 19.fxe5 Rxe5 20.Be3 Bf5 21.Rad1 Qd7 22.Bf4
Rae8 23.Bxe5 Rxe5 24.g4 Qc7 25.Kg1 Bc2 26.d6 {#r} 1-0

[Event "It (open) \"]
[Site "masterchessopen.com Honolulu (USA)"]
[Round "0"]
[White "Andrianov Nikolai (RUS)"]
[Black "Gufeld Eduard (USA)"]
[Result "0-1"]
[WhiteElo "2425"]
[BlackElo "2460"]

1.d4 Nf6 2.Nf3 g6 3.g3 Bg7 4.Bg2 O-O 5.O-O d5 6.c4 dxc4 7.Na3 c3 8.bxc3 c5
9.Ne5 Nc6 10.Nac4 Be6 11.Nxc6 bxc6 12.Ne5 Bd5 13.Ba3 Bxg2 14.Kxg2 Ne4 15.Qd3
Qd5 16.f3 cxd4 17.cxd4 Nd6 18.e4 Qb5 19.Qxb5 cxb5 20.Rfc1 f5 21.Nc6 Kf7
22.Nxe7 Nc4 23.Bc5 Rfe8 24.Nd5 Rac8 25.Rab1 fxe4 26.fxe4 a6 27.e5 Bxe5 28.a4
Ke6 29.Nb4 {#R} 0-1

[Event "It (open)"]
[Site "masterchessopen.com Feffernitz (Austria)"]
[Date "1997.08.17"]
[Round "0"]
[White "Horvath Peter_ (HUN)"]
[Black "Smajkic Serif"]
[Result "1-0"]
[WhiteElo "2450"]
[BlackElo "1773"]

1.d4 Nf6 2.Nf3 d5 3.c4 g6 4.g3 Bg7 5.Bg2 O-O 6.O-O dxc4 7.Na3 c6 8.Nxc4 b5
9.Nce5 Bb7 10.Qc2 Nfd7 11.Nd3 Nb6 12.Nc5 Bc8 13.Rd1 N6d7 14.a4 Nxc5 15.dxc5
Qa5 16.Bg5 Bf5 17.e4 Bg4 18.Bxe7 Re8 19.Bg5 Qb4 20.Rd2 Nd7 21.axb5 Nxc5
22.bxc6 Nb3 23.Rad1 Nxd2 24.Rxd2 Qxe4 25.Qxe4 Rxe4 26.c7 f6 27.Bf4 Rae8 28.h3
Bc8 29.Rd8 g5 30.Ne5 Re1+ 31.Kh2 Kf8 32.Bc6 fxe5 33.Rxe8+ Kf7 34.Rxc8 exf4
35.Re8 fxg3+ 36.fxg3 {#r} 1-0

[Event "Staatsliga B South 1998/99"]
[Site "masterchessopen.com Austria"]
[Round "4"]
[White "Matosec Thomas (AUT)"]
[Black "Zebedin Wolfgang (AUT)"]
[Result "1-0"]
[WhiteElo "2070"]
[BlackElo "2152"]

1.d4 Nf6 2.Nf3 g6 3.c4 Bg7 4.g3 O-O 5.Bg2 d5 6.O-O dxc4 7.Na3 c3 8.bxc3 c5
9.Nc4 Nc6 10.Nce5 Qa5 11.Nxc6 bxc6 12.Ne5 Bf5 13.Nxc6 Qc7 14.Bf4 Qb7 15.Qb3
Qxb3 16.axb3 Be4 17.Nxe7+ Kh8 18.dxc5 Bxg2 19.Kxg2 Ne4 20.c6 Rfe8 21.Nd5 Rec8
22.c7 g5 23.Be3 Nxc3 24.Nxc3 Bxc3 25.Rac1 Be5 26.Rc5 f6 27.f4 gxf4 28.Bxf4 a5
29.Bxe5 fxe5 30.Rd1 Kg7 31.Rd7+ Kg6 32.e4 a4 33.Rc6+ {#r} 1-0

[Event "It (open)"]
[Site "masterchessopen.com Bad Wiessee (Germany)"]
[Round "6"]
[White "Budai Zoltan (GER)"]
[Black "Richter Moritz (GER)"]
[Result "1-0"]
[WhiteElo "1975"]
[BlackElo "2115"]

1.Nf3 Nf6 2.g3 g6 3.Bg2 Bg7 4.O-O O-O 5.c4 d5 6.d4 dxc4 7.Na3 Nfd7 8.Nxc4 Nc6
9.Bf4 Re8 10.d5 Nb4 11.a3 Na6 12.Rc1 Nb6 13.Nxb6 axb6 14.Be5 e6 15.Bxg7 Kxg7
16.Qd4+ Kg8 17.Rfd1 Nc5 18.dxe6 Bxe6 19.Qf4 Qe7 20.b4 Bb3 21.bxc5 Bxd1 22.Rxd1
Qxc5 23.Ng5 Qe7 24.Bxb7 Rxa3 25.Bd5 Rf8 26.Bxf7+ Rxf7 27.Nxf7 Qxf7 28.Rd8+ Kg7
29.Qd4+ Kh6 30.Qd2+ g5 31.Rd5 Ra1+ 32.Kg2 Qg6 33.h4 Ra5 34.hxg5+ Kh5 35.f3
Rxd5 36.g4+ {#r} 1-0